000 00413nam a2200145Ia 4500
008 210210b1973 xxu||||| |||| 00| 0 eng d
082 _a181 MULS
100 _aMULLER (F Max).
245 _aSacred books of the east.V29:The Grihya-sutras.
260 _aNew Delhi.
_bMotilal Banarsidass.,
_c1973
300 _a440
650 _aGrihya Sutras Vedic Domestic Ceremonies
690 _aPhilosophy
906 _aSG01808
999 _c112979
_d112979